Music Quiz

Random Music or Rock Quiz

'Science' Words in Song Titles Quiz Stats

 Plays Quiz not verified by Sporcle

Score 0/12 Timer 03:00
0 Plays Today
% Correct
Lead
92.9%
Gold
90%
Tin
89.3%
Oxygen
83.2%
Mercury
81.3%
Copper
76.5%
Lithium
75.7%
Iron
71.9%
Silver
66%
Sulphur
52.8%
Neon
52.1%
Nitrogen
12%

You're not logged in!

Compare scores with friends on all Sporcle quizzes.
OR
Log In

Sporcle TV

Today on Sporcle TV


Watch our educational content, quiz creation guides, and fun videos on Sporcle TV.

Show Comments

Extras

Top Quizzes Today


Score Distribution

Your Account Isn't Verified!

In order to create a playlist on Sporcle, you need to verify the email address you used during registration. Go to your Sporcle Settings to finish the process.

Report this User

Report this user for behavior that violates our Community Guidelines.

Details: